000 00645nam a2200229Ia 4500
005 20241129110018.0
008 241129s9999||||xx |||||||||||||| ||und||
020 _a978-1-4625-5269-6
037 _aTB
040 _aARTS
_beng
_cARTS
041 _aeng
_2eng
084 _aY:45111 R3
_qARTS
100 _aJobes David A. Au.
_9726858
245 0 _aManaging suicidal risk : collaborative approach
_cJobes David A. Au.
250 _a3rd
260 _aUSA
_bThe Guilford Press
_c2023
300 _axxii,362p.
365 _aUKP
_b37.99
650 _aSociologySuicide
_9726859
942 _cTB
_hY:45111 R3
999 _c1226987
_d1226987